Регионална библиотека "Любен Каравелов" - Русе

Атлас по анатомия на човека (Запис номер 130977)

MARC детайли
000 -Лидер
Контролно поле с фиксирана дължина 02923nam a2200457 c 4500
003 - Код на организацията, давaща контролен номер
Контролно поле BLK
005 - Дата и час на последна редакция
Контролно поле 20240216161034.0
008 - Елементи от данни с фиксирана дължина
fixed length control field 180409b bul|||||r ||||||| ||bul||
010 ## - Наследен системен номер
LC control number KNG00136776000
020 ## - Международен стандартен номер на книга ISBN
Международен стандартен номер на книга ISBN 978-954-685-926-6
-- издат.: СофтПрес - на том(т.3)
040 ## - Източник на каталожния запис
Идентификатор на билиотеката - собственик на записа BLK
041 ## - Код за език
Код за езика на текст/звукозапис или на отделно заглавие Български
Код за езика КДБФ Български
072 #7 - Код за тематичната категория
Код организация bullib
Код за тематична категория Н61
Текст Медицина Н
080 ## - УДК
Текстов определител УДК Анатомия. Вж и 572 ; 591.4 ; 616.1/.9 ; 343.9 ; 743
УДК код - определител по УДК 611
УДК определител (084)(075.8)
УДК - код + определител 611(084)(075.8)
080 ## - УДК
Текстов определител УДК Специална анатомия. Анатомия на отделните органи и системи
УДК код - определител по УДК 611.1/.8
УДК определител (084)(075.8)
УДК - код + определител 611.1/.8(084)(075.8)
100 1# - Редна дума - Автор
Автор Синелников, Рафаил Давидович
Авторска отговорност първи автор
R(LIN) 322522
139 ## - Редно поле
Редна дума Синелников, Рафаил Давидович и др.
Авторски знак Сим - С 37
245 10 - Сведения за заглавието
Заглавие Атлас по анатомия на човека
Подзаглавни данни В 4 т. : Т. 1 -
Редно поле (дума) Рафаил Давидович Синелников; съавт. Яков Рафаилович Синелников; съавт. Александър Яковлевич Синелников; прев. от рус. Милка Минчева-Томова; под ред. на Владимир Атанасов Овчаров.
Том Т. 3
Заглавие на том Ангиология, лимфни възли
250 ## - Област на изданието
Сведения за изданието 7. прераб. изд.
257 ## - Страна на издаване
Страна на създаване/издаване Русия
260 ## - Област на издателските данни
-- София
Година на издаване 2010 -
Печатница За том: Добрич : ФолиАрт
300 ## - Физическа характеристика
Размери/Мащаб 31 см
380 ## - Жанр
Жанр Медицина
500 ## - Общи забележки
Забележка Ориг. загл. Атлас анатомии человека / Р. Д. Синельников, Я. Р. Синельников, А. Я. Синельников
650 #4 - Допълнително описание по предмет – тема
Основно описание – тема или топоним Анатомия - атласи
9 (RLIN) 270692
650 #4 - Допълнително описание по предмет – тема
Основно описание – тема или топоним Съдова система - атласи
9 (RLIN) 322527
653 ## - Ключова дума – ненормативна
Ключова дума анатомия
653 ## - Ключова дума – ненормативна
Ключова дума съдова система
659 ## - Тематичен бюлетин
Тематичен бюлетин Н
700 1# - Други автори (авторска отговорност)
Лично име Синелников, Яков Рафаилович
Автороска отговорност (Описва отношението между автора и произведението) съавт.
9 (RLIN) 322523
700 1# - Други автори (авторска отговорност)
Лично име Синелников, Александър Яковлевич
Автороска отговорност (Описва отношението между автора и произведението) съавт.
9 (RLIN) 322524
700 1# - Други автори (авторска отговорност)
Лично име Минчева-Томова, Милка
Автороска отговорност (Описва отношението между автора и произведението) прев. от рус.
9 (RLIN) 322525
700 1# - Други автори (авторска отговорност)
Лично име Овчаров, Владимир Атанасов
Автороска отговорност (Описва отношението между автора и произведението) под ред. на
9 (RLIN) 365509
760 1# - Описание на основната серия
-- - на том(т.3)
Редна дума на основното описание Синелников, Рафаил Давидович
Издание 7. прераб. изд.
Място на издаване, издател и година СофтПрес, 2011
Страници - том 214 с. : с цв. ил.
Забележка - том Ориг. загл. Учение о сосудах и лимфоидных органах. - Загл. на гърба на загл. с. Учение за съдовете и лимфните органи. - Азб. показалец.
Заглавие Т. 3 Ангиология, лимфни възли
852 ## - Местоположение
Форматна сигнатура Цб ІІ 17504
856 4# - Електронен адрес и достъп
Електронен формат pdf - файл
Път до файла /url/
856 4# - Електронен адрес и достъп
Електронен формат pdf - файл
Път до файла /url/
942 ## - АРТИКУЛИ
Вид на библиотечния материал Книги
Скрит в OPAC Не
Koha issues (borrowed), all copies 1
944 ## - СЪЗДАВАНЕ И РЕДАКЦИЯ на ЗАПИСА
Създаване/Редакция Създаване
Дата на регистрацията/редакция 04.12.2012
Служител, извършил регистрацията/редакцията 30535
Статус, дата на статуса Христина Везирева
944 ## - СЪЗДАВАНЕ И РЕДАКЦИЯ на ЗАПИСА
Създаване/Редакция Редакция
Дата на регистрацията/редакция 07.12.2012
Служител, извършил регистрацията/редакцията
999 ## - СИСТЕМНИ КОНТРОЛНИ НОМЕРА
Koha biblionumber 130977
Koha biblioitemnumber 130977
Наличности
Код за отписване Код за изгубен артикул Код за повреда Коз за рестрикции Код за отдаване Артикулен № Име на библиотеката - собственик Име на библиотеката, в която се намира в момента Статус (Текущо местоположение) Дата на вписване в системата Местоположение - отдел Цена в лева Инвентарен номер Систематично азбучна сигнатура Баркод Номер на екземпляра Цена в евро Служебна бележка Служебен тип на артикула
  Не е изгубен Не е повреден без рестрикции ползва се в читалня 213459 Регионална библиотека "Любен Каравелов" Русе Регионална библиотека "Любен Каравелов" Русе Читалня 2012-11-27 Читалня 75.00 120000761760 Ч 611/С 37 120000761760 1 38.35 Дост: Pk Вид: Ф N: 323 Дата: 19.11.2012 Дата инв: 17.03.2017 Бележки инв: Ч2017 Книги
Vip Innovations Ltd, Rousse, Bulgaria 2025